书目信息 |
| 题名: |
物流信息技术与应用
|
|
| 作者: | 张艳华 主编 | |
| 分册: | ||
| 出版信息: | 北京 中国财富出版社 2014 |
|
| 页数: | 241页 | |
| 开本: | 26cm | |
| 丛书名: | ||
| 单 册: | ||
| 中图分类: | F253.9 | |
| 科图分类: | ||
| 主题词: | 物流--信息技术--高等职业教育--教材 | |
| 电子资源: | ||
| ISBN: | 978-7-5047-5162-1 | |
| 000 | 00872nam0 2200241 450 | |
| 001 | 339260 | |
| 005 | 20150608090924.57 | |
| 010 | @a978-7-5047-5162-1@dCNY29.80 | |
| 100 | @a20140904d2014 em y0chiy50 ea | |
| 101 | 0 | @achi |
| 102 | @aCN@b110000 | |
| 105 | @aa z 000yy | |
| 106 | @ar | |
| 200 | 1 | @a物流信息技术与应用@Awu liu xin xi ji shu yu ying yong@f张艳华主编 |
| 210 | @a北京@c中国财富出版社@d2014 | |
| 215 | @a241页@c图@d26cm | |
| 300 | @a高等职业教育骨干校建设物流专业规划教材(项目式) | |
| 330 | @a本书包含八个项目, 主要内容包括: 物流信息技术认知、物流信息采集及识别技术与应用、物流信息存储技术与应用、物流信息传输技术与应用、物流信息交换技术与应用、物流电子商务等。 | |
| 606 | 0 | @a物流@x信息技术@x高等职业教育@j教材 |
| 690 | @aF253.9@v5 | |
| 701 | 0 | @a张艳华@Azhang yan hua@c(物流)@4主编 |
| 801 | 0 | @aCN@b卓展宏图@c20150525 |
| 905 | @dF253.9@e231@f3 | |
| 物流信息技术与应用/张艳华主编.-北京:中国财富出版社,2014 |
| 241页:图;26cm |
| 高等职业教育骨干校建设物流专业规划教材(项目式) |
| ISBN 978-7-5047-5162-1:CNY29.80 |
| 本书包含八个项目, 主要内容包括: 物流信息技术认知、物流信息采集及识别技术与应用、物流信息存储技术与应用、物流信息传输技术与应用、物流信息交换技术与应用、物流电子商务等。 |
| ● |
| 相关链接 |
|
|
|
|
正题名:物流信息技术与应用
索取号:F253.9/231
 
预约/预借
| 序号 | 登录号 | 条形码 | 馆藏地/架位号 | 状态 | 备注 |
| 1 | 864306 | 208643066 | 第一样本阅览室/ [索取号:F253.9/231] | 在馆 | |
| 2 | 864307 | 208643075 | 密集书库-海洋学院/ [索取号:F253.9/231] | 在馆 | |
| 3 | 864308 | 208643084 | 第一借阅区/ [索取号:F253.9/231] | 在馆 |